Visión quántica del universo: ensayo sobre el poder creador
محفوظ في:
| المؤلف الرئيسي: | |
|---|---|
| التنسيق: | كتاب |
| اللغة: | الإسبانية |
| منشور في: |
Madrid
Guadarrama
1968
|
| سلاسل: | Punto Omega
|
| الموضوعات: | |
| الوسوم: |
إضافة وسم
لا توجد وسوم, كن أول من يضع وسما على هذه التسجيلة!
|
MARC
| LEADER | 00000nam a2200000 a 4500 | ||
|---|---|---|---|
| 001 | UCY5002 | ||
| 003 | CL-VaPUC | ||
| 008 | 950410e19680000SP |||||||||||||||||spa|d | ||
| 082 | 0 | 4 | |a 530.12 |b RUE |2 21 |
| 100 | 0 | |a Rueff, Jacques |e author |9 333566 | |
| 245 | 1 | 0 | |a Visión quántica del universo: ensayo sobre el poder creador |
| 300 | |a 364 p | ||
| 942 | |c BK | ||
| 945 | |d 19950410 00:00:00 |a mfernand | ||
| 260 | |a Madrid |b Guadarrama |c 1968 | ||
| 650 | 0 | |a Teoría cuántica |9 266148 | |
| 650 | 0 | |a Filosofía de las ciencias |9 256466 | |
| 583 | |a last modification |c 19950410 00:00:00 |k Rodrigo Vera | ||
| 490 | 0 | |a Punto Omega | |
| 999 | |c 232740 |d 232738 | ||
| 952 | |0 0 |1 0 |4 0 |6 530_120000000000000_RUE_1968 |7 0 |8 A |9 237602 |a BIBCUR |b BIBCUR |d 2019-11-15 |i 3076881 |l 2 |o 530.12 RUE 1968 |p 3076881 |r 2025-04-22 |s 2023-10-03 |w 2019-11-15 |y BK |k FIS | ||